000 00840nam a2200205 4500
999 _c80504
_d80504
008 210104b ||||| |||| 00| 0 eng d
040 _aSTAFF
_bger
_cSTAFF
_erda
041 _ager
100 _aSchneider, Ingeborg:
245 _aVon guten Mächten wunderbar geborgen.
_bDas Motto meines Großvaters "Niemand und Nichts aufgeben" gehört zum Selbstverständnis des Vereins/
_cText: Ingeborg Schneider, Enkelin des Gründervaters der heutigen Wichern Diakonie
600 _aBlochwitz, Alfred
_d(1869-1948)
650 _aWichern Diakonie
650 _aWichernheim
651 _aFrankfurt (Oder)
773 _teinfach wichern: Magazin der Wichern Diakonie Frankfurt (Oder)
_dFrankfurt (Oder): Giraffe Werbeagentur
_g(2020) Ausgabe Sommer 2020, S. 5-6
942 _cA